00490nam a22001697a 450000500170000000800410001702000180005804000210007604100080009708200190010510000330012424500730015725000120023026000390024230000100028165000290029120260515115126.0260327b |||||||| |||| 00| 0 eng d a9789391661854 aIN-DiNCcIN-DiNC deng a320.50954bHUS aHussain, Monowar Md.eauthor aEncyclopedia of Indian political thought-II/cby Md. Monowar Hussain a1st ed. aMeerut:bBalaji publishers,c2024. a328p. aIndian political thought